00550nam a2200241Ia 450000500170000000800460001702000180006303700100008104000080009104000080009904000080010704100080011504100080012308400080013110000170013924500250015624500290018126000230021026000090023336500050024236500080024785600530025520260324142102.0008 260324s9999 xx 000 0 eng d a9780429238314 aEBOOK aCRL beng cCRL 2eng aeng qCRL aNancy Fraser 0aFeminist Contentions 2bA Philosophical Exchange bTaylor and Francis c1995 a b300 uhttp://www.taylorfrancis.com/books/9780429238314